000 00293nam a22001337a 4500
008 230911b ||||| |||| 00| 0 eng d
041 _aeng
080 _a159.9
082 _a159.9BOR
100 _a25
101 _aPSI
245 _aFOUNDATIONS OF PSYCHOLOGY
_cBORING.G.E
942 _2udc
_cBK
999 _c60321
_d60321